01065nam a2200229 a 450000100100000000500170001000800410002702000180006804000250008608200240011110000320013524501170016726000380028430000210032250000580034350000700040158600960047165100790056765100570064665100660070365100660076900000452720240305125740.0090723t2007 dr 001 0 spa d a9789945427233 aDO-SdBNPbspacBNPHU a320.97293054bH552t1 aHamlet, Hermann,d1934-201610aTransición " made in USA" :bgobiernos provisionales, herencia de las ocupaciones militares /cHamlet Hermann. aSanto Domingo :bNacional,c2007. a221 p. ;c23 cm. aIncluye datos biográficos del autor en las solapas. aIncluye referencias bibliográficas y notas al pie de páginas. aPremio Anual de Ensayo Pedro Henrríquez Ureña, modalidad: Ensayo sociopolítico, 2007. 4aRepública DominicanaxPolítica Y GobiernoxEnsayos, Conferencias, Etc. 4aRepública DominicanaxHistoriayREVOLUCIÓN, 1965 4aRepública DominicanaxRelaciones ExterioreszEstados Unidos 4aEstados UnidosxRelaciones ExterioreszRepública Dominicana